005940000a220008500045001000020000002450063000203000050000835200330001337730045004631 aJunca, Humberto10aAcciones devastadoras : VI Festival de performance de Cali aVol.0, núm.7 (Abril, 2006), Páginas 24-25 aUnos trabajadores sostienen un muro a punto de caerse. Una mujer organiza en público sus pertenencias. Un hombre mete tubos con gas a una sinagoga. Todos son performances, un género artístico con alto contenido político que busca sublevar al espectador. El 25 de abril comienza en Cali el Festival de Performance.0 tArcadia / Andrés Felipe Solano, Editor